5HLuxD.jpg

KING HENRY VIII SENIOR AND PRIMARY SCHOOL LIBRARY OPAC

Cat on a Hot Tin Roof / (Record no. 3700)

000 -LEADER
fixed length control field 01404nam a22002177a 4500
003 - CONTROL NUMBER IDENTIFIER
control field OSt
005 - DATE AND TIME OF LATEST TRANSACTION
control field 20240910144920.0
008 - FIXED-LENGTH DATA ELEMENTS--GENERAL INFORMATION
fixed length control field 240910b ||||| |||| 00| 0 eng d
020 ## - INTERNATIONAL STANDARD BOOK NUMBER
International Standard Book Number 9780141190280
040 ## - CATALOGING SOURCE
Transcribing agency KH8
082 ## - DEWEY DECIMAL CLASSIFICATION NUMBER
Classification number 822.33 WIL
100 ## - MAIN ENTRY--PERSONAL NAME
Personal name Williams, Tennessee,
Relator term author.
245 ## - TITLE STATEMENT
Title Cat on a Hot Tin Roof /
Statement of responsibility, etc. Tennessee Williams.
260 ## - PUBLICATION, DISTRIBUTION, ETC.
Place of publication, distribution, etc. London;
Name of publisher, distributor, etc. Penguin,
Date of publication, distribution, etc. 2009.
300 ## - PHYSICAL DESCRIPTION
Extent xv, 123 pages ;
Dimensions 20 cm.
520 ## - SUMMARY, ETC.
Summary, etc. A sizzling drama of desire, avarice and deception set in the American Deep South, Tennessee Williams's Cat on a Hot Tin Roof is published in Penguin Modern Classics.'Big Daddy' Pollitt, the richest cotton planter in the Mississippi Delta, is about to celebrate his sixty-fifth birthday. His two sons have returned home for the occasion: Gooper, his wife and children, Brick, an ageing football hero who has turned to drink, and his feisty wife Maggie. As the hot summer evening unfolds, the veneer of happy family life and Southern gentility gradually slips away as unpleasant truths emerge and greed, lies, jealousy and suppressed sexuality threaten to reach boiling point. Made into a film starring Elizabeth Taylor and Paul Newman, Cat on a Hot Tin Roof is a masterly portrayal of family tensions and individuals trapped in prisons of their own making.
650 ## - SUBJECT ADDED ENTRY--TOPICAL TERM
Topical term or geographic name entry element Domestic drama
650 ## - SUBJECT ADDED ENTRY--TOPICAL TERM
Topical term or geographic name entry element Drama
650 ## - SUBJECT ADDED ENTRY--TOPICAL TERM
Topical term or geographic name entry element Fathers and sons drama
942 ## - ADDED ENTRY ELEMENTS (KOHA)
Source of classification or shelving scheme
Koha item type Teaching Resources
Holdings
Withdrawn status Lost status Source of classification or shelving scheme Damaged status Not for loan Collection code Permanent Location Current Location Shelving location Date acquired Total Checkouts Full call number Barcode Date last seen Date last checked out Copy number Price effective from Koha item type Date due
          Teaching Resources KH8 Senior School Library KH8 Senior School Library Staff Office 2024-09-10 1 822.33 WIL CSKHSL000226 2025-07-15 2024-12-19 1 2024-09-10 Teaching Resources  
          Teaching Resources KH8 Senior School Library KH8 Senior School Library Staff Office 2024-09-10 1 822.33 WIL CSKHSL000227 2025-07-15 2024-12-19 2 2024-09-10 Teaching Resources  
          Teaching Resources KH8 Senior School Library KH8 Senior School Library Staff Office 2024-09-10 1 822.33 WIL CSKHSL000228 2025-11-03 2024-12-19 3 2024-09-10 Teaching Resources  
          Teaching Resources KH8 Senior School Library KH8 Senior School Library Staff Office 2024-09-10 1 822.33 WIL CSKHSL000229 2024-12-19 2024-12-19 4 2024-09-10 Teaching Resources 2025-07-04
          Teaching Resources KH8 Senior School Library KH8 Senior School Library Staff Office 2024-09-10 1 822.33 WIL CSKHSL000230 2025-07-15 2024-12-19 5 2024-09-10 Teaching Resources  

Powered By KH8 IT Dept